00560naa a2200169 a 450000100080000000500110000800800410001910000220006024501100008226000090019265300190020165300280022065300220024870000260027070000220029677300720031810838722012-03-16 2011 bl uuuu u00u1 u #d1 aALMEIDA, G. R. R. aComportamento de cafeeiros propagados via embriog??nese som??tica em diferentes n??veis de ??gua no solo. c2011 aCoffea arabica aPropaga????o vegetativa aSistema radicular1 aCARVALHO, C. H. S. de1 aGUIMAR??ES, R. J. tCoffee Science, Lavras, MGgv. 6, n. 2, p. 114-119, maio/ago. 2011.